00306nam a2200121 a 450000500170000000800410001702000180005805000220007624500180009826000420011630000080015844000180016620140412111419.0070906s19uu xx 00 eng d a1-933821-84-1 aREF 030bR79 2008 aAlmanac 2008. aCanada :bA Time Inc. Company,c2008. a255 aTime for kids